01426cam a22003375a 4500001001000000003000400010005001700014008004100031020003000072020002700102040003600129082002000165100003000185245006500215250004300280260005000323300004100373490002700414500002400441500004700465500005300512504004100565650004100606651001000647653005100657830003400708942002000742999001700762952015300779952015600932016563627OSt20150921151922.0131113t2014 enka frb 001 0 eng d a9781292040172 (paperback) a1292040173 (paperback) aUkOxUbengcUkOxUdUkdEG-ScBUE04a610.14222bFRU1 aFrucht, Suzanne S.93735910aMedical terminology :bget connected ! /cSuzzane S. Frucht. a1st ed., Pearson new international ed. aHarlow :bPearson Education Limited,cc.2014. aiii, 458 p. :bill. (col.) ;c28 cm.1 aPearson custom library aIndex : p. 449-458. aPublication date from publisher's website. aAdapted from the standard first edition, ©2012. aIncludes bibliographical references. 7aMedicinevTerminology.9239642BUEsh 2BUEsh bPPhrmcFebruary2015cAugust2015cSeptember2015 0aPearson custom library934961 2ddck610.14 FRU c18952d18924 00102ddc40708BaccahaMAINbMAINc1STd2015-02-10ePurchaseg250.00h21291l1o610.14 FRUp000037382r2025-07-15 00:00:00s2018-09-27v313.00yBB 00102ddc40708BaccahaMAINbMAINc1STd2015-08-31ePurchaseg407.00h23317l3m1o610.14 FRUp000039051r2025-07-15 00:00:00s2017-09-14v508.00yBB